Statystyki dla Quiz o Bahrajnie

Kliknij tutaj aby rozwiązać quiz!

Ogólne statystyki

  • Ten quiz został rozwiązany 13 razy
  • Średni wynik to 5 z 10

Statystyki odpowiedzi

PodpowiedźOdpowiedź% Poprawnych
Jaki język występuje w Bahrajnie?Arabski
100%
Z jakim państwem Bahrajn ma granicę?Arabia Saudyjska
90%
Wymień jeden kolor z flagi Bahrajnu.Czerwony / Biały
90%
Stolica Bahrajnu to:Manama
80%
Z jaką zatoką graniczy Bahrajn?Zatoka Perska (Arabska)
40%
Drugie największe miasto w Bahrajnie to:Al-Muharrak
20%
Jaka waluta występuje w Bahrajnie?Dinar Bahrajski
20%
Co oznacza słowo Bahrajn po arabsku?Dwa morza
20%
Jak się nazywa samolot należący do Bahrajnu?Tiger II (2)
20%
Na jakiej wyspie graniczy z tym państwem?Middle Island
10%

Rozkład punktacji

Percentyl według liczby udzielonych odpowiedzi

Procent ludzi z każdym wynikiem

Twoja historia wyników

Nie rozwiązałeś tego quizu